[Event "2. Bundesliga Ost 2014/2015"]
[Site "1020 Wien, Haus des Schachsports, Marathonweg 14"]
[Date "2014.11.16"]
[Round "4"]
[Board "3"]
[White "Plachetka, Jan"]
[Black "Sharashenidze, Akaki"]
[Result "1-0"]
[WhiteElo "2363"]
[BlackElo "2304"]
[PlyCount "59"]
[EventDate "2014.10.18"]
[EventType "team"]
[EventRounds "11"]
[EventCountry "AUT"]
[WhiteTeam "SK Austria"]
[BlackTeam "SK Advisory Invest Baden"]

1. c4 d6 2. Nc3 Nf6 3. d4 c6 4. e4 e5 5. Nf3 Nbd7 6. Be2 Be7 7. O-O O-O 8. h3
Re8 9. Be3 b6 10. d5 c5 11. a3 Nf8 12. b4 a6 13. Rb1 Ng6 14. Re1 h6 15. Qb3 Nd7
16. Nd2 Bg5 17. Bg4 Nf4 18. bxc5 bxc5 19. Qa4 Nf6 20. Bxc8 Qxc8 21. Bxf4 exf4
22. Nf3 Nd7 23. Qc6 Bf6 24. Na4 Qxc6 25. dxc6 Nb8 26. c7 Nd7 27. Rb7 Rac8 28.
Rd1 Re6 29. e5 Be7 30. Nxc5 1-0

[Event "2. Bundesliga Ost 2014/2015"]
[Site "1020 Wien, Haus des Schachsports, Marathonweg 14"]
[Date "2014.11.16"]
[Round "4"]
[Board "4"]
[White "Juenger, Heinz"]
[Black "Druckenthaner, Andreas"]
[Result "1/2-1/2"]
[WhiteElo "2110"]
[BlackElo "2321"]
[PlyCount "115"]
[EventDate "2014.10.18"]
[EventType "team"]
[EventRounds "11"]
[EventCountry "AUT"]
[WhiteTeam "SK Advisory Invest Baden"]
[BlackTeam "SK Austria"]

1. d4 g6 2. c4 Bg7 3. Nf3 d6 4. g3 Nc6 5. d5 Ne5 6. Nxe5 Bxe5 7. Bg2 h5 8. h4
Bg4 9. Qb3 Qc8 10. Bd2 Nf6 11. Bc3 Nd7 12. Nd2 O-O 13. Bxe5 Nxe5 14. Nf3 Nxf3+
15. exf3 Bf5 16. O-O c6 17. dxc6 bxc6 18. f4 Rb8 19. Qc3 Qb7 20. b3 d5 21. Rfd1
Rfd8 22. Rd4 e6 23. c5 f6 24. Ra4 Kf7 25. Bf1 Qc7 26. Re1 Rd7 27. Bd3 Bxd3 28.
Qxd3 Re8 29. b4 e5 30. fxe5 fxe5 31. Ra3 Kg7 32. Qe2 e4 33. Re3 Qe5 34. Kg2
Rde7 35. f3 Qd4 36. fxe4 Rxe4 37. Rxe4 Rxe4 38. Qf2 Qxf2+ 39. Kxf2 Rxb4 40.
Re7+ Kf6 41. Rc7 Rb2+ 42. Kf3 Rxa2 43. Rxc6+ Kf5 44. Rd6 Ra3+ 45. Kf2 Rc3 46.
Rxd5+ Ke4 47. Rg5 Rf3+ 48. Ke2 Rf6 49. g4 hxg4 50. Rxg4+ Kd5 51. Rg5+ Kc4 52.
h5 gxh5 53. Rxh5 a5 54. Kd2 Kb3 55. c6 Rd6+ 56. Kc1 Rxc6+ 57. Kb1 a4 58. Rh3+
 1/2-1/2

[Event "2. Bundesliga Ost 2014/2015"]
[Site "1020 Wien, Haus des Schachsports, Marathonweg 14"]
[Date "2014.11.16"]
[Round "4"]
[Board "5"]
[White "Liedl, Wolfgang"]
[Black "Herndlbauer, Martin"]
[Result "1-0"]
[WhiteElo "2226"]
[BlackElo "2110"]
[PlyCount "51"]
[EventDate "2014.10.18"]
[EventType "team"]
[EventRounds "11"]
[EventCountry "AUT"]
[WhiteTeam "SK Austria"]
[BlackTeam "SK Advisory Invest Baden"]

1. d4 d5 2. c4 c6 3. Nf3 Nf6 4. e3 Bg4 5. Nc3 e6 6. Qb3 Qc7 7. Ne5 Bf5 8. h3 h6
9. Bd2 Nbd7 10. Rc1 Nxe5 11. dxe5 Ne4 12. Nxe4 Bxe4 13. f3 Bh7 14. cxd5 exd5
15. Qxd5 Rd8 16. Qa5 Qe7 17. h4 g5 18. Bc3 b6 19. Qa4 b5 20. Qa6 Qc5 21. Bd2
Bc2 22. b4 Qxe5 23. Qxc6+ Rd7 24. Rxc2 Qa1+ 25. Kf2 Be7 26. Qxd7+ 1-0

[Event "2. Bundesliga Ost 2014/2015"]
[Site "1020 Wien, Haus des Schachsports, Marathonweg 14"]
[Date "2014.11.16"]
[Round "4"]
[Board "6"]
[White "Stangler, Peter"]
[Black "Higatsberger, Michael"]
[Result "0-1"]
[WhiteElo "2022"]
[BlackElo "2137"]
[PlyCount "74"]
[EventDate "2014.10.18"]
[EventType "team"]
[EventRounds "11"]
[EventCountry "AUT"]
[WhiteTeam "SK Advisory Invest Baden"]
[BlackTeam "SK Austria"]

1. d4 d5 2. c4 c6 3. Nf3 Nf6 4. Nbd2 Bf5 5. Nh4 Be6 6. e3 g6 7. Bd3 Bg7 8. O-O
O-O 9. b4 a5 10. bxa5 c5 11. Bb2 cxd4 12. Bxd4 Nc6 13. Bb6 Qd7 14. Rc1 Nxa5 15.
c5 Nc6 16. a4 Rfc8 17. Bb5 Qe8 18. f4 Bd7 19. f5 Ne5 20. Qb3 Rxa4 21. c6 Rxh4
22. cxd7 Nexd7 23. fxg6 hxg6 24. e4 Nxe4 25. Nxe4 Rxe4 26. Rxc8 Qxc8 27. Qxd5
Nxb6 28. Qxf7+ Kh7 29. Bd3 Qe6 30. Bxe4 Qxe4 31. Rf3 Qe1+ 32. Rf1 Qe3+ 33. Kh1
Nd7 34. Qd5 Nf6 35. Qxb7 Ne4 36. g3 Qe2 37. Rb1 Qf3+ 0-1

[Event "2. Bundesliga Ost 2014/2015"]
[Site "2000 Stockerau, Veranstaltungszentrum Z2000, Spark"]
[Date "2014.12.06"]
[Round "5"]
[Board "1"]
[White "Tuncer, Ufuk"]
[Black "Videki, Sandor"]
[Result "0-1"]
[WhiteElo "2322"]
[BlackElo "2380"]
[PlyCount "78"]
[EventDate "2014.10.18"]
[EventType "team"]
[EventRounds "11"]
[EventCountry "AUT"]
[WhiteTeam "SK Advisory Invest Baden"]
[BlackTeam "SC Data Technology Pressbaum/E."]

1. e4 Nf6 2. e5 Nd5 3. d4 d6 4. c4 Nb6 5. exd6 exd6 6. Nc3 Be7 7. h3 O-O 8. Nf3
Bf6 9. Be2 Be6 10. d5 Bxc3+ 11. bxc3 Bd7 12. Bg5 Qc8 13. O-O Na6 14. a4 Nc5 15.
a5 Nba4 16. Ra3 b6 17. Be3 bxa5 18. Nd4 Qe8 19. Re1 Qe7 20. Nb5 a6 21. Nd4 Rfe8
22. Nc6 Bxc6 23. dxc6 Nb6 24. Rxa5 Qe4 25. Ra1 a5 26. Bxc5 dxc5 27. Qd2 a4 28.
Bf1 Qxc6 29. Reb1 Rad8 30. Qa2 Re5 31. Rd1 Rde8 32. g3 Qf6 33. Qd2 h5 34. h4 g6
35. Qh6 Re4 36. Qd2 Kg7 37. Bd3 Nxc4 38. Qc2 Qf3 39. Bf1 Re2 0-1

[Event "2. Bundesliga Ost 2014/2015"]
[Site "2000 Stockerau, Veranstaltungszentrum Z2000, Spark"]
[Date "2014.12.06"]
[Round "5"]
[Board "2"]
[White "Neumeier, Klaus"]
[Black "Sharashenidze, Akaki"]
[Result "1/2-1/2"]
[WhiteElo "2268"]
[BlackElo "2304"]
[PlyCount "79"]
[EventDate "2014.10.18"]
[EventType "team"]
[EventRounds "11"]
[EventCountry "AUT"]
[WhiteTeam "SC Data Technology Pressbaum/E."]
[BlackTeam "SK Advisory Invest Baden"]

1. c4 c6 2. g3 d5 3. Nf3 Nf6 4. Bg2 g6 5. b3 Bg7 6. Bb2 O-O 7. O-O Re8 8. d3
Nbd7 9. Nbd2 Nh5 10. Bxg7 Nxg7 11. cxd5 cxd5 12. Qc2 Nf6 13. Rfc1 Ne6 14. Qb2
b6 15. Ne5 Bb7 16. Ndf3 Qd6 17. Bh3 h6 18. Qd2 Kg7 19. b4 Rh8 20. Qb2 Ng5 21.
Bg2 Nxf3+ 22. Bxf3 Rac8 23. Ng4 h5 24. Nxf6 Qxf6 25. Qxf6+ Kxf6 26. d4 Ba6 27.
Kf1 Ke6 28. Ke1 Kd6 29. h4 Bc4 30. Kd2 a5 31. bxa5 bxa5 32. Rab1 Rb8 33. a3 f6
34. e3 Ba2 35. Ra1 Rb2+ 36. Rc2 Rxc2+ 37. Kxc2 Rc8+ 38. Kd2 Bb3 39. Rc1 Rxc1
40. Kxc1 1/2-1/2

[Event "2. Bundesliga Ost 2014/2015"]
[Site "2000 Stockerau, Veranstaltungszentrum Z2000, Spark"]
[Date "2014.12.06"]
[Round "5"]
[Board "3"]
[White "Juenger, Heinz"]
[Black "Weissenbeck, Manuel"]
[Result "1/2-1/2"]
[WhiteElo "2110"]
[BlackElo "2213"]
[PlyCount "88"]
[EventDate "2014.10.18"]
[EventType "team"]
[EventRounds "11"]
[EventCountry "AUT"]
[WhiteTeam "SK Advisory Invest Baden"]
[BlackTeam "SC Data Technology Pressbaum/E."]

1. d4 Nf6 2. c4 e6 3. Nc3 Bb4 4. e3 O-O 5. Nge2 d5 6. a3 Be7 7. cxd5 exd5 8.
Nf4 c6 9. Bd3 Re8 10. h3 Bd6 11. O-O Nbd7 12. Re1 Ne4 13. f3 Nxc3 14. bxc3 Qh4
15. Rf1 Nf6 16. Bd2 Bxf4 17. exf4 Nh5 18. f5 g6 19. Qc2 Ng3 20. Be1 Qf4 21.
Bxg3 Qxg3 22. fxg6 hxg6 23. Qf2 Qf4 24. Rfe1 Bd7 25. Rxe8+ Rxe8 26. Re1 Rxe1+
27. Qxe1 Kf8 28. Kf2 Qh4+ 29. Kf1 Qf4 30. Kf2 b6 31. Qe3 Qd6 32. Qc1 Be6 33. h4
c5 34. g3 c4 35. Bc2 b5 36. Qb2 a5 37. h5 gxh5 38. Qxb5 h4 39. f4 hxg3+ 40.
Kxg3 Qxa3 41. Qb8+ Ke7 42. Qc7+ Ke8 43. Qb8+ Ke7 44. Qc7+ Ke8 1/2-1/2

[Event "2. Bundesliga Ost 2014/2015"]
[Site "2000 Stockerau, Veranstaltungszentrum Z2000, Spark"]
[Date "2014.12.06"]
[Round "5"]
[Board "4"]
[White "Hechl, Gerald"]
[Black "Zojer, Stefan"]
[Result "1-0"]
[WhiteElo "2180"]
[BlackElo "2093"]
[PlyCount "51"]
[EventDate "2014.10.18"]
[EventType "team"]
[EventRounds "11"]
[EventCountry "AUT"]
[WhiteTeam "SC Data Technology Pressbaum/E."]
[BlackTeam "SK Advisory Invest Baden"]

1. d4 f5 2. Qd3 d6 3. g4 fxg4 4. h3 g3 5. fxg3 Nf6 6. Bg2 d5 7. Nc3 e6 8. Bf4
Bd6 9. O-O-O Nc6 10. e4 Bxf4+ 11. gxf4 dxe4 12. Nxe4 Nd5 13. Ne2 Qh4 14. Kb1
Bd7 15. f5 Ncb4 16. Qd2 exf5 17. Nc5 Bc6 18. a3 b6 19. axb4 bxc5 20. b5 O-O 21.
bxc6 Nb6 22. dxc5 Na4 23. Qd4 Qxd4 24. Rxd4 Nxc5 25. Bd5+ Kh8 26. Nf4 1-0

[Event "2. Bundesliga Ost 2014/2015"]
[Site "2000 Stockerau, Veranstaltungszentrum Z2000, Spark"]
[Date "2014.12.06"]
[Round "5"]
[Board "5"]
[White "Stangler, Peter"]
[Black "Schmidrathner, Christian"]
[Result "0-1"]
[WhiteElo "2022"]
[BlackElo "2075"]
[PlyCount "166"]
[EventDate "2014.10.18"]
[EventType "team"]
[EventRounds "11"]
[EventCountry "AUT"]
[WhiteTeam "SK Advisory Invest Baden"]
[BlackTeam "SC Data Technology Pressbaum/E."]

1. d4 Nf6 2. Bg5 g6 3. Bxf6 exf6 4. e3 Bg7 5. Bd3 f5 6. Nd2 O-O 7. c4 f4 8. Qf3
fxe3 9. fxe3 c5 10. O-O-O cxd4 11. exd4 Bxd4 12. Ne2 Bg7 13. Be4 Nc6 14. Rhf1
Qb6 15. Qb3 Qxb3 16. Nxb3 Ne5 17. Bd5 Rb8 18. h3 b6 19. Nbd4 Bb7 20. Bxb7 Rxb7
21. b3 a6 22. Nf4 b5 23. cxb5 axb5 24. Nd5 f5 25. Nf3 Nxf3 26. Rxf3 d6 27. Nf4
Be5 28. Nd3 Ra8 29. Kb1 Rba7 30. Rf2 Rb7 31. Re2 Re8 32. Nb4 Kf7 33. Rc2 Ke6
34. Nd5 Kd7 35. Rdc1 Ra8 36. Rc6 Rab8 37. Ra6 Ke6 38. Nc7+ Kd7 39. Nd5 Ke6 40.
Nc7+ Kf6 41. Rc2 f4 42. Kc1 Kf5 43. Nd5 b4 44. Rc4 Rb5 45. Ne7+ Kf6 46. Nc6
R8b7 47. Ra4 Bc3 48. Rxf4+ Rf5 49. Rxf5+ gxf5 50. Ra7 Rxa7 51. Nxa7 Ke5 52. Kd1
d5 53. Nb5 d4 54. Ke2 Kf4 55. g4 fxg4 56. hxg4 Kxg4 57. a4 bxa3 58. Nxa3 h5 59.
Kf1 d3 60. Nc4 h4 61. Kg2 h3+ 62. Kh1 Kg3 63. Ne3 Kf3 64. Nc4 Kg3 65. Ne3 Kh4
66. Nc4 Bb4 67. Kh2 Be1 68. Kh1 Bg3 69. b4 h2 70. b5 Bb8 71. b6 Kh5 72. b7 Kg6
73. Kg2 Kf7 74. Nb2 d2 75. Nd1 Ke7 76. Nf2 Kd7 77. Nd1 Kc6 78. Nf2 Kxb7 79. Nd1
Ka6 80. Nf2 Ka5 81. Nd1 Ka4 82. Nf2 Kb3 83. Nd1 Ba7 0-1

[Event "2. Bundesliga Ost 2014/2015"]
[Site "2000 Stockerau, Veranstaltungszentrum Z2000, Spark"]
[Date "2014.12.06"]
[Round "5"]
[Board "6"]
[White "Wandl, Werner"]
[Black "Trippold, Denise"]
[Result "1/2-1/2"]
[WhiteElo "2073"]
[BlackElo "1845"]
[PlyCount "67"]
[EventDate "2014.10.18"]
[EventType "team"]
[EventRounds "11"]
[EventCountry "AUT"]
[WhiteTeam "SC Data Technology Pressbaum/E."]
[BlackTeam "SK Advisory Invest Baden"]

1. e4 c5 2. Nc3 Nc6 3. g3 g6 4. Bg2 Bg7 5. d3 d6 6. f4 e6 7. Nf3 Nge7 8. O-O
O-O 9. Be3 Nd4 10. Qd2 Rb8 11. Qf2 Nec6 12. Rab1 b5 13. a3 a5 14. Bxd4 Nxd4 15.
Ne2 Nxf3+ 16. Bxf3 b4 17. axb4 axb4 18. d4 cxd4 19. Nxd4 Qc7 20. Rfd1 e5 21.
Nb3 Be6 22. fxe5 Bxe5 23. Nd4 Bc4 24. b3 Be6 25. Nxe6 fxe6 26. Qe2 Rbc8 27. Bg4
Qxc2 28. Bxe6+ Kg7 29. Qxc2 Rxc2 30. Rbc1 Rff2 31. Rxc2 Rxc2 32. Rf1 Bd4+ 33.
Kh1 Rf2 34. Rxf2 1/2-1/2

[Event "2. Bundesliga Ost 2014/2015"]
[Site "2000 Stockerau, Veranstaltungszentrum Z2000, Spark"]
[Date "2014.12.06"]
[Round "5"]
[Board "1"]
[White "Stanec, Nikolaus"]
[Black "Pacher, Milan"]
[Result "1-0"]
[WhiteElo "2492"]
[BlackElo "2431"]
[PlyCount "113"]
[EventDate "2014.10.18"]
[EventType "team"]
[EventRounds "11"]
[EventCountry "AUT"]
[WhiteTeam "SC Donaustadt"]
[BlackTeam "SK Austria"]

1. c4 Nf6 2. Nc3 g6 3. Nf3 Bg7 4. g3 b6 5. Bg2 Bb7 6. O-O c5 7. d3 O-O 8. e4 e6
9. Re1 d5 10. cxd5 exd5 11. e5 Ne8 12. Bg5 Qd7 13. Qd2 Na6 14. Bh6 Nac7 15. d4
Ne6 16. Bxg7 Kxg7 17. h4 Rd8 18. h5 N8c7 19. Ne2 Qe7 20. Rad1 Bc8 21. Nf4 Nxf4
22. Qxf4 Ne6 23. Qd2 c4 24. Nh2 gxh5 25. Nf3 a5 26. Nh4 f5 27. exf6+ Qxf6 28.
Re5 b5 29. Rde1 b4 30. Bxd5 c3 31. bxc3 bxc3 32. Qe3 Nc7 33. Bg2 Be6 34. f4 Nd5
35. Bxd5 Bxd5 36. Qxc3 a4 37. a3 Kh8 38. Rxh5 Rg8 39. Kh2 Bb3 40. Qd3 Rg7 41.
Nf3 Rdg8 42. Ng5 h6 43. d5 Rg6 44. Re6 Qg7 45. Nf7+ Qxf7 46. Rxh6+ Rxh6+ 47.
Rxh6+ Kg7 48. Rh7+ Kf8 49. Rxf7+ Kxf7 50. g4 Rd8 51. Qf5+ Ke7 52. Qe6+ Kf8 53.
Qf6+ Ke8 54. d6 Rd7 55. g5 Rf7 56. Qe5+ Kd7 57. g6 1-0

[Event "2. Bundesliga Ost 2014/2015"]
[Site "2000 Stockerau, Veranstaltungszentrum Z2000, Spark"]
[Date "2014.12.06"]
[Round "5"]
[Board "2"]
[White "Hangweyrer, Manfred"]
[Black "Pingitzer, Harald"]
[Result "1-0"]
[WhiteElo "2362"]
[BlackElo "2269"]
[PlyCount "69"]
[EventDate "2014.10.18"]
[EventType "team"]
[EventRounds "11"]
[EventCountry "AUT"]
[WhiteTeam "SK Austria"]
[BlackTeam "SC Donaustadt"]

1. Nf3 Nf6 2. c4 c6 3. g3 g6 4. Bg2 Bg7 5. d4 d5 6. cxd5 cxd5 7. Nc3 O-O 8. Ne5
Nc6 9. O-O e6 10. Nxc6 bxc6 11. Na4 Nd7 12. Be3 Ba6 13. Rc1 Qa5 14. Bd2 Qb5 15.
e3 Rfc8 16. Re1 c5 17. dxc5 Nxc5 18. Rxc5 Rxc5 19. Bf1 Rc4 20. b3 Rd8 21. bxc4
dxc4 22. Qc2 Rxd2 23. Qxd2 Qxa4 24. Rb1 Be5 25. Rb4 Qc6 26. Qd8+ Kg7 27. Qa5
Bc3 28. Qa4 Qf3 29. Bg2 Qe2 30. Rb1 Qd3 31. Rd1 Qe2 32. Rf1 Bc8 33. Qc6 Be1 34.
Qxc8 f5 35. Bf3 1-0

[Event "2. Bundesliga Ost 2014/2015"]
[Site "2000 Stockerau, Veranstaltungszentrum Z2000, Spark"]
[Date "2014.12.06"]
[Round "5"]
[Board "3"]
[White "Kummer, Helmut"]
[Black "Plachetka, Jan"]
[Result "1/2-1/2"]
[WhiteElo "2354"]
[BlackElo "2363"]
[PlyCount "189"]
[EventDate "2014.10.18"]
[EventType "team"]
[EventRounds "11"]
[EventCountry "AUT"]
[WhiteTeam "SC Donaustadt"]
[BlackTeam "SK Austria"]

1. d4 Nf6 2. c4 e6 3. Nc3 Bb4 4. Qc2 d5 5. cxd5 exd5 6. Bg5 h6 7. Bxf6 Qxf6 8.
e3 O-O 9. Nf3 c6 10. Bd3 Nd7 11. O-O Qe7 12. Ne2 Bd6 13. Ng3 Nf6 14. a3 a5 15.
Rae1 g6 16. e4 dxe4 17. Nxe4 Nxe4 18. Rxe4 Qf6 19. Rfe1 Bf5 20. R4e3 Bxd3 21.
Qxd3 Rad8 22. g3 Bb8 23. Re7 b5 24. Kg2 Bd6 25. R7e4 Qf5 26. Qd2 Kg7 27. Qxa5
Qd5 28. Qc3 b4 29. axb4 Rb8 30. R1e2 Rxb4 31. R4e3 Rfb8 32. Rc2 R8b6 33. Qd2
Rb3 34. Qe2 Rxe3 35. fxe3 Qe4 36. Rc3 g5 37. Qc2 f5 38. Kf2 Kf6 39. b3 Qxc2+
40. Rxc2 Ke6 41. Nd2 Kd5 42. Ra2 Bb4 43. Nc4 Rb8 44. Ra6 Bc3 45. Nb6+ Kd6 46.
Ke2 Kc7 47. Kd3 Be1 48. Nc4 Rxb3+ 49. Ke2 Bb4 50. Ra7+ Kc8 51. Rh7 Rc3 52. Nb6+
Kd8 53. Rxh6 Rc2+ 54. Kd1 Rd2+ 55. Kc1 Rg2 56. Nc4 f4 57. gxf4 gxf4 58. exf4
Rf2 59. Rh4 Be7 60. Rh8+ Kd7 61. Ne5+ Kd6 62. Nd3 Re2 63. Kd1 Re4 64. Kd2 Rxd4
65. Ke3 Ra4 66. Rh6+ Kd5 67. Rh5+ Ke6 68. Re5+ Kf7 69. Re4 Ra2 70. Ne5+ Kg7 71.
Ng4 Bc5+ 72. Kf3 Ra3+ 73. Kg2 Bd6 74. Rd4 Bb8 75. f5 Rb3 76. Rd7+ Kf8 77. Rh7
Bf4 78. Kf2 c5 79. Rh8+ Kf7 80. Rc8 Rb2+ 81. Kf3 Bxh2 82. Rxc5 Bd6 83. Ra5 Rb3+
84. Ne3 Be7 85. Ke4 Rb4+ 86. Ke5 Bf6+ 87. Kd6 Be7+ 88. Kd5 Bd8 89. Ra6 Rb5+ 90.
Ke4 Rb4+ 91. Kd5 Bg5 92. Nc4 Rb5+ 93. Ke4 Rb4 94. Kd3 Bf4 95. Kd4 1/2-1/2

[Event "2. Bundesliga Ost 2014/2015"]
[Site "2000 Stockerau, Veranstaltungszentrum Z2000, Spark"]
[Date "2014.12.06"]
[Round "5"]
[Board "4"]
[White "Druckenthaner, Andreas"]
[Black "Hansen, Kay"]
[Result "1/2-1/2"]
[WhiteElo "2321"]
[BlackElo "2168"]
[PlyCount "90"]
[EventDate "2014.10.18"]
[EventType "team"]
[EventRounds "11"]
[EventCountry "AUT"]
[WhiteTeam "SK Austria"]
[BlackTeam "SC Donaustadt"]

1. e4 c6 2. Nf3 d5 3. Nc3 dxe4 4. Nxe4 g6 5. d4 Nd7 6. Bc4 b5 7. Qe2 Nb6 8. Bb3
Bg7 9. Bf4 Nd5 10. Nd6+ Kf8 11. Bxd5 cxd5 12. Nxc8 Rxc8 13. Qxb5 Rxc2 14. O-O
Bf6 15. Rac1 Rxc1 16. Rxc1 Kg7 17. Rc7 g5 18. Bg3 h5 19. Qd7 Nh6 20. Qxd8 Rxd8
21. Rxa7 g4 22. Ne5 Rc8 23. Bf4 Nf5 24. Be3 Nxd4 25. Nd3 Nf5 26. Bf4 Rc4 27.
Kf1 Bxb2 28. Rd7 e6 29. Bd2 Rc2 30. Ke1 Bc3 31. Bxc3+ Rxc3 32. Nf4 Kf8 33. Nxh5
Ra3 34. Nf6 Nh6 35. Rb7 Rxa2 36. Rb4 g3 37. hxg3 Ke7 38. Rf4 Ra5 39. g4 e5 40.
Rf3 Ke6 41. Rh3 Ra1+ 42. Ke2 Ra2+ 43. Ke1 Kxf6 44. Rxh6+ Ke7 45. g5 Rb2 1/2-1/2

[Event "2. Bundesliga Ost 2014/2015"]
[Site "2000 Stockerau, Veranstaltungszentrum Z2000, Spark"]
[Date "2014.12.06"]
[Round "5"]
[Board "5"]
[White "Petroczi, Thomas"]
[Black "Liedl, Wolfgang"]
[Result "0-1"]
[WhiteElo "2210"]
[BlackElo "2226"]
[PlyCount "151"]
[EventDate "2014.10.18"]
[EventType "team"]
[EventRounds "11"]
[EventCountry "AUT"]
[WhiteTeam "SC Donaustadt"]
[BlackTeam "SK Austria"]

1. c4 e5 2. Nc3 Nf6 3. g3 d5 4. cxd5 Nxd5 5. Bg2 Nb6 6. Nf3 Nc6 7. O-O Be7 8.
a3 O-O 9. b4 Be6 10. d3 a5 11. b5 Nd4 12. Rb1 Nxf3+ 13. Bxf3 c6 14. Bb2 Nd5 15.
bxc6 bxc6 16. Qa4 Rb8 17. Ne4 Qb6 18. Bxe5 Qxb1 19. Rxb1 Rxb1+ 20. Kg2 Rb5 21.
Bd6 Rd8 22. Bxe7 Nxe7 23. Nc3 Rc5 24. d4 Rc4 25. Qxa5 Rcxd4 26. e3 R4d7 27. a4
h6 28. Qa6 Rc7 29. a5 Rdd7 30. Qb6 Nd5 31. Qb8+ Kh7 32. Nxd5 Bxd5 33. Bxd5 cxd5
34. Qb5 g6 35. h4 h5 36. Qb6 Rb7 37. Qc6 Ra7 38. a6 d4 39. exd4 Rxd4 40. Qb6
Rdd7 41. Kf3 Ra8 42. Qf6 Rda7 43. g4 hxg4+ 44. Kxg4 Kg8 45. f4 Rxa6 46. Qc3 Ra5
47. Qf6 Rf5 48. Qc6 Rb8 49. Qe4 Rd8 50. Qa4 Rd6 51. Kg3 Rdf6 52. Qa8+ Kg7 53.
Qb8 Rxf4 54. Qe5 R4f5 55. Qd4 Rf3+ 56. Kg2 R3f4 57. Qe5 Rxh4 58. Kg3 Rh5 59.
Qd4 Rg5+ 60. Kh4 Rgf5 61. Qa1 Rf1 62. Qb2 Kh6 63. Qb8 Kh7 64. Qc8 R6f5 65. Kg3
Rg5+ 66. Kh2 Rgf5 67. Kg3 g5 68. Qa8 Kg7 69. Qd8 Rf6 70. Qa8 g4 71. Qd5 R1f3+
72. Kg2 R3f5 73. Qd4 Kg6 74. Qd8 Kg5 75. Qd2+ Kh4 76. Qe1+ 0-1

[Event "2. Bundesliga Ost 2014/2015"]
[Site "2000 Stockerau, Veranstaltungszentrum Z2000, Spark"]
[Date "2014.12.06"]
[Round "5"]
[Board "6"]
[White "Higatsberger, Michael"]
[Black "Karlusch, Albrecht"]
[Result "1-0"]
[WhiteElo "2137"]
[BlackElo "2129"]
[PlyCount "71"]
[EventDate "2014.10.18"]
[EventType "team"]
[EventRounds "11"]
[EventCountry "AUT"]
[WhiteTeam "SK Austria"]
[BlackTeam "SC Donaustadt"]

1. e4 e6 2. d4 d5 3. e5 c5 4. c3 Nc6 5. Nf3 Qb6 6. a3 c4 7. Nbd2 Na5 8. Rb1 Bd7
9. Be2 Ne7 10. b4 cxb3 11. Nxb3 Ba4 12. Nxa5 Qxa5 13. Qd3 Rc8 14. Bd2 Qc7 15.
O-O b5 16. Ng5 h6 17. Nh7 a6 18. Nxf8 Kxf8 19. f4 Ke8 20. Rb4 Kd7 21. f5 exf5
22. Rxf5 Nxf5 23. Qxf5+ Ke8 24. e6 Rd8 25. Bh5 Rf8 26. Rb1 g6 27. exf7+ Rxf7
28. Bxg6 Rdd7 29. Rf1 Bb3 30. Bxh6 a5 31. Qe6+ Kd8 32. Bg5+ Kc8 33. Rxf7 b4 34.
Qa6+ Qb7 35. Rf8+ Kc7 36. Bf4+ 1-0

[Event "2. Bundesliga Ost 2014/2015"]
[Site "2000 Stockerau, Veranstaltungszentrum Z2000, Spark"]
[Date "2014.12.06"]
[Round "5"]
[Board "1"]
[White "Petran, Peter"]
[Black "Smolen, Jan"]
[Result "1/2-1/2"]
[WhiteElo "2330"]
[BlackElo "2453"]
[PlyCount "30"]
[EventDate "2014.10.18"]
[EventType "team"]
[EventRounds "11"]
[EventCountry "AUT"]
[WhiteTeam "ASVOE Mattersburg"]
[BlackTeam "ASVOE Pamhagen"]

1. Nf3 e6 2. c4 Nf6 3. b3 Be7 4. Bb2 O-O 5. g3 c5 6. Bg2 Nc6 7. O-O d5 8. cxd5
exd5 9. d4 h6 10. Nc3 Be6 11. Rc1 a6 12. e3 Ne4 13. dxc5 Nxc5 14. Nd4 Rc8 15.
Nxe6 fxe6 1/2-1/2

[Event "2. Bundesliga Ost 2014/2015"]
[Site "2000 Stockerau, Veranstaltungszentrum Z2000, Spark"]
[Date "2014.12.06"]
[Round "5"]
[Board "2"]
[White "Lipka, Juraj"]
[Black "Brod, Manfred"]
[Result "1-0"]
[WhiteElo "2412"]
[BlackElo "2266"]
[PlyCount "89"]
[EventDate "2014.10.18"]
[EventType "team"]
[EventRounds "11"]
[EventCountry "AUT"]
[WhiteTeam "ASVOE Pamhagen"]
[BlackTeam "ASVOE Mattersburg"]

1. Nf3 Nf6 2. d4 g6 3. Bg5 Ne4 4. Bf4 d5 5. e3 Bg7 6. Nbd2 Nxd2 7. Qxd2 O-O 8.
h4 h5 9. Bd3 Nd7 10. Ne5 Nxe5 11. Bxe5 f6 12. Bg3 Kf7 13. c4 Bf5 14. Bxf5 gxf5
15. Qe2 Kg6 16. O-O c6 17. cxd5 Qxd5 18. Rfc1 b6 19. Rc4 e5 20. Qc2 Rac8 21. b4
Rfd8 22. Rc1 exd4 23. Rxd4 Qe6 24. Rc4 Bf8 25. e4 Bh6 26. exf5+ Qxf5 27. Qxf5+
Kxf5 28. R1c3 Rd1+ 29. Kh2 Rd2 30. a3 Ra2 31. Rf3+ Kg6 32. Bd6 Ra1 33. Re4 Rg8
34. Re7 Rg7 35. Rg3+ Kh7 36. Rgxg7+ Bxg7 37. Rxa7 Kg6 38. Ra6 b5 39. Rxc6 Rxa3
40. Rb6 Rd3 41. Bc5 Kf5 42. g3 Kg4 43. Kg2 Rd2 44. Rb7 Bh6 45. Rh7 1-0

[Event "2. Bundesliga Ost 2014/2015"]
[Site "2000 Stockerau, Veranstaltungszentrum Z2000, Spark"]
[Date "2014.12.06"]
[Round "5"]
[Board "3"]
[White "Wiedner, Robert"]
[Black "Vitouch, Anatol"]
[Result "1/2-1/2"]
[WhiteElo "2183"]
[BlackElo "2314"]
[PlyCount "164"]
[EventDate "2014.10.18"]
[EventType "team"]
[EventRounds "11"]
[EventCountry "AUT"]
[WhiteTeam "ASVOE Mattersburg"]
[BlackTeam "ASVOE Pamhagen"]

1. d4 d5 2. Bf4 c5 3. dxc5 Nc6 4. Nf3 f6 5. c3 e5 6. Be3 Nge7 7. b4 Nf5 8. Bd2
e4 9. Nd4 Nfxd4 10. cxd4 Nxd4 11. e3 Nc6 12. Bc3 Bf5 13. Nd2 Qd7 14. Nb3 Be7
15. Nd4 Bg4 16. Qd2 O-O 17. Bb5 a6 18. Ba4 Rad8 19. O-O Qc8 20. Nxc6 bxc6 21.
Qb2 Rf7 22. f3 exf3 23. gxf3 Bh3 24. Rfe1 f5 25. Qf2 Bf6 26. Bd4 Re8 27. Rad1
Re6 28. Kh1 g5 29. Rg1 g4 30. Qg3 Kh8 31. Rge1 Qe8 32. Bxf6+ Rfxf6 33. Rxd5 f4
34. Qh4 fxe3 35. Rxe3 Qe7 36. Rd8+ Qxd8 37. Rxe6 Bg2+ 38. Kxg2 Qd2+ 39. Qf2
gxf3+ 40. Kg1 Qxf2+ 41. Kxf2 Rxe6 42. Kxf3 Kg7 43. Bc2 Rh6 44. Kg3 Re6 45. Kf3
Re5 46. Be4 a5 47. a3 axb4 48. axb4 Re6 49. Kf4 h6 50. Bd3 Kf6 51. h3 Re8 52.
b5 cxb5 53. Bxb5 Re5 54. Kg4 Rxc5 55. Bd3 Rg5+ 56. Kh4 Rd5 57. Bb1 Kg7 58. Bc2
h5 59. Kg3 Rd4 60. h4 Kf6 61. Kh3 Rd6 62. Be4 Ke5 63. Bf3 Rd3 64. Kg2 Kf4 65.
Bxh5 Rd2+ 66. Kf1 Kg3 67. Ke1 Rh2 68. Kd1 Kxh4 69. Bg6 Kg3 70. Kc1 Kf3 71. Kb1
Ke3 72. Bf7 Kd3 73. Be6 Kc3 74. Bf7 Rf2 75. Be6 Rf6 76. Bd5 Rb6+ 77. Ka1 Kc2
78. Be4+ Kb3 79. Bd5+ Ka3 80. Be4 Re6 81. Bf5 Re1+ 82. Bb1 Kb3 1/2-1/2

[Event "2. Bundesliga Ost 2014/2015"]
[Site "2000 Stockerau, Veranstaltungszentrum Z2000, Spark"]
[Date "2014.12.06"]
[Round "5"]
[Board "4"]
[White "Alvir, Aco"]
[Black "Salamon, Werner"]
[Result "1-0"]
[WhiteElo "2343"]
[BlackElo "2116"]
[PlyCount "73"]
[EventDate "2014.10.18"]
[EventType "team"]
[EventRounds "11"]
[EventCountry "AUT"]
[WhiteTeam "ASVOE Pamhagen"]
[BlackTeam "ASVOE Mattersburg"]

1. e4 e5 2. Nf3 Nc6 3. Bb5 d6 4. d4 Bd7 5. Nc3 Nf6 6. Bxc6 Bxc6 7. Qd3 exd4 8.
Nxd4 Be7 9. Nf5 O-O 10. Bg5 Kh8 11. O-O-O Ng8 12. Bd2 Bf6 13. Rhe1 Ne7 14. Ne3
a6 15. f4 b5 16. Ng4 Ng6 17. g3 Re8 18. h4 b4 19. Nd5 Bxd5 20. Qxd5 Qe7 21.
Nxf6 Qxf6 22. Bxb4 Ne7 23. Qd3 Qe6 24. c4 a5 25. Bc3 a4 26. f5 Qh6+ 27. Kb1 f6
28. Qf3 Nc6 29. Bd2 Ne5 30. Qe2 g5 31. hxg5 fxg5 32. Rh1 Qg7 33. Bc3 h6 34. Rd5
Kh7 35. c5 Qf7 36. cxd6 cxd6 37. Rxd6 1-0